000 00486nam a22001697a 4500
999 _c40776
_d40776
003 OSt
005 20200606120155.0
008 191104b ||||| |||| 00| 0 eng d
020 _a9788190140553
040 _cMESKC library
082 _a891.431
_bAGR/A
100 _919
_aAgarwal, Santhosh
245 _aAntral /
_cDr. Santhosh Agarwal
260 _aDelhi :
_bAgradeep Publishers,
_c2012
300 _a162p
942 _2ddc
_cBK
_h891.431
_iAGR/A
_k891.431
_mAGR/A